Ethnic Groups In The Soviet Union - Statistics

General Stats
  • This quiz has been taken 1,740 times
  • The average score is 15 of 18
Answer Stats
In Alphabetical Order Answer % Correct
12 Russian
98%
17 Ukrainian
92%
18 Uzbek
90%
1 Armenian
89%
3 Estonian
89%
8 Latvian
89%
4 Georgian
88%
7 Kazakh
88%
9 Lithuanian
88%
13 Tajik
88%
16 Turkmen
87%
2 Byelorussian
86%
6 Azerbaijani
84%
15 Kyrgyz
82%
10 Moldovan
70%
14 Tatar
63%
11 Romani
47%
5 Jew
40%
No matching quizzes found
Score Distribution
Percent of People with Each Score
Percentile by Number Answered
Your Score History
You have not taken this quiz